000 00309nam a2200133Ia 4500
100 _aBoard of Editors
942 _cBK
366 _f15
654 _aspoken communication
245 _aWritten and spoken communication in English
260 _bUniversities Press
_c2007
300 _a187
546 _aENGLISH
999 _c32251
_d32251